00984nam a2200217Ia 450000500170000000800410001702000150005803700160007304000350008904100080012408200210013211000640015324501480021726000710036530000280043650501020046465000610056665000420062765000600066970000370072920240207163000.0210310s9999 xx 000 0 und d a9588125251 3Donación  aCO-JMCRcCO-JMCRdCO-JMCRerda aspa 223a351.1 bD41l aDepartamento Administrativo de la Función Publica eautor 0aLineamientos generales para la administracion del talento humano al servicio del estado /cDepartamento administrativo de la función publica  aBogotá:bDepartamento administrativo de función publica,c2002 a39 páginas; c21 cm.  aUna mirada a la situación actual -- Lineamientos generales de la gestión del talento humano.  2JMCR aLineamientos generalesxTalento humano zColombia 2JMCR aTalento humano vLineamientos  2JMCRaAdministración de personal xEstado colombiano  aZuluaga Ruiz, MauricioeDirector